000 00377nam a22001217a 4500
008 230609b xxu||||| |||| 00| 0 eng d
082 _a354.676
_bGOK
110 _bGOK
245 _a2015/2016 Estimates Development Expenditure of GOK for the year ending 30th June 2016
_bVolume 2
_cVotes 1121-2111
_hJune 2015
260 _aKenya
_bGOK
_cJune 2015
300 _a1066p
942 _2ddc
_cBK
999 _c976
_d976